000 00412nam a22001457a 4500
999 _c17288
_d17288
008 181016b xxu||||| |||| 00| 0 eng d
020 _a9966255792
050 _aLB1585.5
_b.K37 2008 c.1
100 _aKariuki, David G.
245 _aRevision Science for Primary Teacher Education
260 _aNairobi
_bEAEP
_c2008
300 _a410p.
650 _aScience
_vStudy and teaching(elementary)
942 _2lcc
_cBK